Dictionnaire inversé du copte /

محفوظ في:

المؤلف الرئيسي: Strasbach, Marie-Odile.

مؤلفون آخرون: Barc, Bernard.

التنسيق: كتاب

اللغة: French

منشور في: Louvain, Belgique : Peeters, [1984].

سلاسل: Cahiers de la Bibliothèque copte ; 2.

الموضوعات:

الوسوم: إضافة وسم

لا توجد وسوم, كن أول من يضع وسما على هذه التسجيلة!

رقم الطلب: PJ2181 .S77 1984

LEADER 00653nam a22002177a 4500
003 OSt
005 20251027120201.0
008 251027t1984 be i 00010 fre d
020 |a 9068310089 
040 |c ARCE Library 
050 1 4 |a PJ2181  |b .S77 1984 
100 1 |a Strasbach, Marie-Odile. 
245 1 0 |a Dictionnaire inversé du copte /   |c Marie-Odile Strasbach, Bernard Barc. 
264 1 |a Louvain, Belgique :   |b Peeters,   |c [1984]. 
300 |a vi, 192 p. ;   |c 24 cm. 
490 0 |a Cahiers de la Bibliothèque copte ; 2. 
650 0 |a Coptic language -- Reverse indexes. 
700 1 |a Barc, Bernard. 
901 |a reviewed 
942 |2 lcc  |c BK 
999 |c 50388  |d 50388